Caminos de Hierro, 27º Concurso Fotográfico, 2014. (Record no. 19547)

MARC details
000 -LEADER
campo de control de longitud fija 00931nam a2200241 i 4500
001 - NÚMERO DE CONTROL
campo de control 19547
003 - IDENTIFICADOR DE NÚMERO DE CONTROL
campo de control ES-MaACL
005 - FECHA Y HORA DE LA ÚLTIMA TRANSACCIÓN
campo de control 20240129115648.0
007 - CAMPO FIJO DE DESCRIPCIÓN FÍSICA--INFORMACIÓN GENERAL
campo de control de longitud fija t|
008 - DATOS DE LONGITUD FIJA--INFORMACIÓN GENERAL
campo de control de longitud fija 150205s2014 sp ||||1| spa d
020 ## - NÚMERO INTERNACIONAL ESTÁNDAR DEL LIBRO
Número Internacional Estándar del Libro 978-84-89649-98-9
080 ## - NÚMERO DE LA CLASIFICACIÓN DECIMAL UNIVERSAL
Número de la Clasificación Decimal Universal 656.2(460)(084)
111 2# - ENTRADA PRINCIPAL--NOMBRE DE CONGRESO/REUNIÓN
Nombre de congreso/reunión o jurisdicción como elemento de entrada Concurso Fotográfico "Caminos de Hierro" (
Número del congreso/reunión o número de parte o sección 27º.
Fecha del congreso o de la firma del tratado 2014.
Sede del congreso/Lugar de la reunión Madrid)
9 (RLIN) 156295
245 10 - MENCIÓN DEL TÍTULO
Título Caminos de Hierro, 27º Concurso Fotográfico, 2014.
260 ## - PUBLICACIÓN, DISTRIBUCIÓN, ETC.
Lugar de publicación, distribución, etc. Madrid :
Nombre del editor, distribuidor, etc. Fundación de los Ferrocarriles Españoles, Área de Cultura y Comunicación Externa,
Fecha de publicación, distribución, etc. [2014]
300 ## - DESCRIPCIÓN FÍSICA
Extensión 83 p. :
Otras características físicas principalmente il. col. y n. ;
Dimensiones 23 x 24 cm.
650 #4 - PUNTO DE ACCESO ADICIONAL DE MATERIA--TÉRMINO DE MATERIA
Término de materia o nombre geográfico como elemento de entrada Ferrocarriles-
Subdivisión geográfica España.
9 (RLIN) 12761
710 2# - ENTRADA AGREGADA--NOMBRE DE ENTIDAD CORPORATIVA
Nombre de entidad corporativa o nombre de jurisdicción como elemento de entrada Fundación de los Ferrocarriles Españoles.
9 (RLIN) 4275
852 4# - LOCALIZACIÓN
Ubicación ES-MaACL
Número de control de estantería A-13365
itemnumber 20155
Sublocalización o colección R.150207
Ubicación en estantería Depósito 1
Signatura antigua Olim: N-6365
942 ## - ELEMENTOS DE ENTRADA SECUNDARIOS (KOHA)
Fuente del sistema de clasificación o colocación Clasificación decimal universal
Tipo de ítem Koha Libro impreso
Holdings
Estatus retirado Estado de pérdida Fuente del sistema de clasificación o colocación Estado de daño No para préstamo Biblioteca de origen Biblioteca actual Ubicación en estantería Fecha de adquisición Total de préstamos Signatura topográfica completa Código de barras Visto por última vez Precio de reemplazo Tipo de ítem Koha
    Clasificación decimal universal     Biblioteca del Ateneo de Madrid Biblioteca del Ateneo de Madrid Depósito 1 17/01/2008   A-13365 1020000 23/02/2023 23/02/2023 Libro impreso